Rappeurs Français #8 - Statistiques

Statistiques générales
  • Ce quiz a été pris 264 fois
  • Le résultat moyen est 6 sur 16
Statistiques - réponses
Par images Réponse % Correct
Aya Nakamura
99%
Shay
87%
Wejdene
73%
ZKR
66%
Mister You
59%
113
40%
13 Block
39%
Fababy
24%
Sindy
15%
GLK
12%
Shurik'n
11%
Abou Tall
9%
Josas
8%
Sultan
8%
2zer Washington
6%
Stéphane Légar
5%
Aucun quiz correspondant
Distribution des résultats
% des personnes avec chaque résultat
Percentile par nombre de réponses
Votre historique - résultats
Vous n’avez pas pris ce quiz